| 000 | 00950nas a2200289 4500 | ||
|---|---|---|---|
| 001 | BR2010004296 | ||
| 003 | BR-BrBNA | ||
| 005 | 20231205114715.0 | ||
| 007 | ta | ||
| 008 | 230509b bl.|||p| |||| 00| 00por d | ||
| 040 |
_aBR-BrBNA _bpor _cBiblioteca Nacional de Agricultura |
||
| 041 | _a(Pt) | ||
| 072 | _aL70 | ||
| 100 | 1 | _aCarregaro, A.B. | |
| 100 | 1 | _aFreitas, G.C. | |
| 100 | 1 | _aMarques, J. de S. | |
| 100 | 1 | _aTrein, T.A. | |
| 100 | 1 | _aPohl, V.H. | |
| 100 | 1 | _aSalbego, F.Z. | |
| 100 | 1 | _aRaiser, A.G. | |
| 245 | 1 | _aEfeitos cardiorrespiratórios e analgésicos da cetamina por via epidural, por infusão intravenosa contínua ou pela associação de ambas, em cães submetidos á osteossíntese do femur | |
| 650 | _aCÃO | ||
| 650 | _aVETERINÁRIA | ||
| 773 | 0 |
_tCiência Rural (Brazil) _xISSN 0103-8478 _g(Jul 2010), v. 40(7) p. 1583-1589 _wBR2010004296 |
|
| 909 |
_a202311 _bLúcia _c55 _dLúcia Elande |
||
| 942 |
_2AGRIS _n0 _cANA |
||
| 999 |
_c210070 _d210070 |
||